000 00993cam a22002175a 4500
001 L159405
008 170320s2012 xxk f s 001 0 eng d
020 _a9780737757241
035 _a(Sirsi) u159405
041 0 _aeng
050 0 4 _a692.8
100 1 _aMitchell, Bronwyn
245 0 0 _aManaging reality
_bbook 4
_bmanaging change
260 _aLondon
_bICE Publishing
_c2012
300 _axix, 138p.
_c30cm.
520 _aFourth of a five part volume on managing the ECC contract sets out the steps to efficiently manage change, bridging the gap between theory and practice. Covers compensation events contained within the ECC and the procedure for administering them. Then discusses aspects relating to the Schedule of Cost Components, including when it is used, how it interacts with the payment clauses, the actual and defined cost, the fee and the components of cost included.
651 4 _aUnited Kingdom
_y
690 _aContracts
_96232
700 1 _aTrebes, Barry
942 _n0
999 _c115871
_d115871